| 000 | 00685nam a2200217Ia 4500 | ||
|---|---|---|---|
| 003 | GCL | ||
| 008 | 140319s9999 xx 000 0 ara d | ||
| 040 |
_aGCL / _cGCL |
||
| 082 | 0 | 4 |
_a320.5 _bط ح |
| 100 | 1 | _aطعيمة الجرف | |
| 245 | 1 | 0 |
_aالحريات العامة بين المذهبين الفردى والاشتراكى / _cطعيمة الجرف |
| 260 |
_a[S.N] : _bمكتبة نهضة مصر |
||
| 300 | _a159 ص | ||
| 490 |
_aفى الاقتصاد والسياسة _v0 |
||
| 650 | 0 | 4 | _aالاشتراكية |
| 650 | 0 | 4 | _aالسياسة |
| 650 | 0 | 4 | _aالاجتماع |
| 650 | 0 | 4 | _aالمذاهب السياسية |
| 650 | 0 | 4 | _aالفردية |
| 942 |
_2ddc _cBK |
||
| 999 |
_c28553 _d28553 |
||